Doña Rosita la soltera o el lenguaje de las flores: Poema granadino del novecientos, dividido en varios jardines, con escenas de canto y baile (1935)
Saved in:
| Main Author: | |
|---|---|
| Format: | Book |
| Language: | Undetermined |
| Published: |
Buenos Aires, Argentina
Losada
1976
|
| Edition: | 13 edición |
| Subjects: | |
| Tags: |
Add Tag
No Tags, Be the first to tag this record!
|
MARC
| LEADER | 00000nam a2200000Ia 4500 | ||
|---|---|---|---|
| 008 | 170316s9999 xx 000 0 und d | ||
| 040 | |a cru BVZT | ||
| 090 | |a 862 G-13d | ||
| 100 | |a García Lorca, Federico | ||
| 245 | |a Doña Rosita la soltera o el lenguaje de las flores: Poema granadino del novecientos, dividido en varios jardines, con escenas de canto y baile (1935) | ||
| 250 | |a 13 edición | ||
| 260 | |a Buenos Aires, Argentina | ||
| 260 | |b Losada | ||
| 260 | |c 1976 | ||
| 300 | |a 127 páginas | ||
| 650 | |a LITERATURA ESPAÑOLA | ||
| 650 | |a POEMA | ||
| 999 | |c 9877 |d 9877 | ||
| 942 | |c 15 D |h 862 G-13d |2 z | ||
